[Event "Muensterland Regionalliga playoff Gr1"]
[Site "Germany"]
[Date "2022.04.30"]
[Round "3.5"]
[White "Liebing, Ingo"]
[Black "Klueppel, Ralf"]
[Result "1/2-1/2"]
[WhiteElo "1732"]
[BlackElo "1792"]
[PlyCount "36"]
[EventDate "2022.03.19"]
[EventType "team-tourn"]
[EventRounds "5"]
[EventCountry "GER"]
[SourceTitle "EXT 2023"]
[Source "ChessBase"]
[SourceDate "2022.10.05"]
[SourceVersion "1"]
[SourceVersionDate "2022.10.05"]
[SourceQuality "1"]
[WhiteTeam "Duelmen"]
[BlackTeam "Borken"]
[WhiteTeamCountry "GER"]
[BlackTeamCountry "GER"]

1. d4 Nf6 2. Bf4 g6 3. Nf3 Bg7 4. e3 0-0 5. h3 d5 6. c3 Nbd7 7. Be2 c5 8. Nbd2 b6 9. 0-0 a5 10. Ne5 Nxe5 11. Bxe5 Ba6 12. Bxa6 Rxa6 13. Qe2 Ra7 14. Rfd1 Qa8 15. Qb5 a4 16. Qe2 Qc6 17. dxc5 bxc5 18. c4 e6 1/2-1/2

[Event "Muensterland Regionalliga 1920"]
[Site "Germany"]
[Date "2020.02.22"]
[Round "7.7"]
[White "Hoge, Torsten"]
[Black "Liebing, Ingo"]
[Result "1/2-1/2"]
[WhiteElo "1900"]
[BlackElo "1745"]
[PlyCount "38"]
[EventDate "2019.09.07"]
[EventType "team-tourn"]
[EventRounds "7"]
[EventCountry "GER"]
[SourceTitle "EXT 2023"]
[Source "ChessBase"]
[SourceDate "2022.10.05"]
[SourceVersion "1"]
[SourceVersionDate "2022.10.05"]
[SourceQuality "1"]
[WhiteTeam "Gronau"]
[BlackTeam "Duelmen"]
[WhiteTeamCountry "GER"]
[BlackTeamCountry "GER"]

1. e4 d5 2. exd5 Qxd5 3. Nc3 Qd6 4. d4 Nf6 5. g3 Bg4 6. Be2 Bxe2 7. Qxe2 c6 8. Nf3 e6 9. Bf4 Qb4 10. 0-0-0 Nd5 11. Bd2 Nxc3 12. Bxc3 Qa4 13. Kb1 Be7 14. d5 cxd5 15. Bxg7 Rg8 16. Bc3 Nc6 17. b3 Qa3 18. Qb5 0-0-0 19. Bb2 Qb4 1/2-1/2

[Event "Muensterland Verbandsliga 1819"]
[Site "Germany"]
[Date "2019.03.16"]
[Round "8.7"]
[White "Liebing, Ingo"]
[Black "Wagner, Nils Frederic"]
[Result "1-0"]
[WhiteElo "1749"]
[BlackElo "1635"]
[PlyCount "57"]
[EventDate "2018.09.01"]
[EventType "team-tourn"]
[EventRounds "9"]
[EventCountry "GER"]
[SourceTitle "EXT 2020"]
[Source "ChessBase"]
[SourceDate "2019.10.17"]
[SourceVersion "1"]
[SourceVersionDate "2019.10.17"]
[SourceQuality "1"]
[WhiteTeam "Duelmen"]
[BlackTeam "Borken"]
[WhiteTeamCountry "GER"]
[BlackTeamCountry "GER"]

1. e4 e5 2. g3 Nf6 3. Bg2 Bc5 4. h3 d6 5. Ne2 0-0 6. 0-0 Nc6 7. d3 h6 8. Nbc3 a6 9. Kh2 Be6 10. f4 Nd4 11. f5 Bd7 12. g4 Nh7 13. Nxd4 Bxd4 14. Qe1 f6 15. h4 c6 16. Bd2 Qe7 17. Qg3 Rf7 18. Bf3 Rc8 19. Rh1 Qd8 20. Kg2 Kf8 21. g5 fxg5 22. hxg5 Nxg5 23. Bh5 Rf6 24. Bxg5 hxg5 25. Bg6 Ke7 26. Rh7 Rxg6 27. fxg6 Kf6 28. Qf3+ Kxg6 29. Qh5+ 1-0

[Event "Muensterland Verbandsliga 1718"]
[Site "Germany"]
[Date "2017.09.09"]
[Round "1.8"]
[White "Wagner, Nils Frederic"]
[Black "Liebing, Ingo"]
[Result "1/2-1/2"]
[WhiteElo "1725"]
[BlackElo "1772"]
[PlyCount "28"]
[EventDate "2017.09.09"]
[EventType "team-tourn"]
[EventRounds "9"]
[EventCountry "GER"]
[SourceTitle "EXT 2019"]
[Source "ChessBase"]
[SourceDate "2018.10.10"]
[SourceVersion "1"]
[SourceVersionDate "2018.10.10"]
[SourceQuality "1"]
[WhiteTeam "Borken"]
[BlackTeam "Duelmen"]
[WhiteTeamCountry "GER"]
[BlackTeamCountry "GER"]

1. c4 e5 2. g3 f5 3. Bg2 Nf6 4. Nc3 Nc6 5. d3 Bb4 6. Bd2 Bxc3 7. Bxc3 d5 8. cxd5 Nxd5 9. Qb3 Nxc3 10. bxc3 Qd6 11. Nh3 h6 12. 0-0 g5 13. f4 exf4 14. gxf4 g4 1/2-1/2

[Event "Muensterland Regionalliga 1516"]
[Site "Germany"]
[Date "2015.12.05"]
[Round "4.8"]
[White "Liebing, Ingo"]
[Black "Scharlow, Siegmar"]
[Result "0-1"]
[WhiteElo "1763"]
[BlackElo "1741"]
[PlyCount "126"]
[EventDate "2015.09.05"]
[EventType "team"]
[EventRounds "9"]
[EventCountry "GER"]
[SourceTitle "EXT 2017"]
[Source "ChessBase"]
[SourceDate "2016.10.25"]
[SourceVersion "1"]
[SourceVersionDate "2016.10.25"]
[SourceQuality "1"]
[WhiteTeam "Duelmen"]
[BlackTeam "Nienberge"]
[WhiteTeamCountry "GER"]
[BlackTeamCountry "GER"]

1. c4 Nf6 2. g3 d5 3. Bg2 dxc4 4. Na3 c6 5. Nxc4 e6 6. Nf3 Be7 7. 0-0 0-0 8. d3 Nbd7 9. b3 b5 10. Nce5 Bb7 11. Bb2 Rc8 12. Qd2 Qb6 13. Rac1 Rfd8 14. Nxf7 Kxf7 15. Ng5+ Kg8 16. Nxe6 Re8 17. Qg5 Bf8 18. Bh3 c5 19. Nxf8 Nxf8 20. Bxc8 Rxc8 21. Bxf6 Qxf6 22. Qxf6 gxf6 23. Rc2 Ne6 24. e3 Rd8 25. h4 Rxd3 26. Rfc1 f5 27. Kf1 Bd5 28. Ke1 c4 29. bxc4 Bxc4 30. a4 a6 31. axb5 axb5 32. Rc3 Nc5 33. Rxc4 bxc4 34. Rxc4 Rd5 35. Rd4 Rxd4 36. exd4 Nb3 37. d5 Kf7 38. Ke2 Kf6 39. Ke3 Ke5 40. d6 Kxd6 41. Kf4 Ke6 42. Kg5 Nd2 43. Kf4 Kf6 44. f3 h6 45. g4 Nb3 46. Kg3 Nd4 47. f4 fxg4 48. Kxg4 Kg6 49. f5+ Nxf5 50. h5+ Kf6 51. Kf4 Ng7 52. Kg4 Ke5 53. Kg3 Nxh5+ 54. Kh4 Nf6 55. Kg3 Kf5 56. Kh4 Kf4 57. Kh3 Kg5 58. Kg2 h5 59. Kh3 Ne4 60. Kg2 Kg4 61. Kh2 h4 62. Kg2 h3+ 63. Kh1 Kg3 0-1

[Event "Muensterland Regionalliga 1415"]
[Site "Germany"]
[Date "2015.05.16"]
[Round "9.5"]
[White "Gottkehaskamp, Stefan"]
[Black "Liebing, Ingo"]
[Result "1-0"]
[WhiteElo "1935"]
[BlackElo "1760"]
[PlyCount "91"]
[EventDate "2014.09.20"]
[EventType "team-tourn"]
[EventRounds "9"]
[EventCountry "GER"]
[SourceTitle "EXT 2016"]
[Source "ChessBase"]
[SourceDate "2015.10.08"]
[SourceVersion "1"]
[SourceVersionDate "2015.10.08"]
[SourceQuality "1"]
[WhiteTeam "Nienberge"]
[BlackTeam "Duelmen"]
[WhiteTeamCountry "GER"]
[BlackTeamCountry "GER"]

1. d4 Nf6 2. Bf4 c5 3. e3 Qb6 4. Nc3 d6 5. dxc5 Qxc5 6. Nf3 Bd7 7. Be2 g6 8. h3 Bg7 9. 0-0 0-0 10. Rb1 Na6 11. e4 Qc7 12. Re1 Qd8 13. a3 Nc7 14. Bc4 h6 15. e5 dxe5 16. Nxe5 e6 17. Qf3 Qc8 18. Bb3 Na6 19. Bxh6 Bxh6 20. Qxf6 Bg7 21. Qe7 Bxe5 22. Rxe5 Qd8 23. Qxd8 Rfxd8 24. Ree1 Bc6 25. Rbd1 Nc5 26. Bc4 a6 27. f3 b5 28. Be2 Rac8 29. Rxd8+ Rxd8 30. Rd1 Rxd1+ 31. Bxd1 Kf8 32. Be2 Ke7 33. Kf2 g5 34. b4 Nd7 35. Ne4 f6 36. c4 Nb6 37. cxb5 axb5 38. Ke3 Nd5+ 39. Kd4 Kd7 40. Bf1 e5+ 41. Kc5 f5 42. Nxg5 Ne3 43. Bxb5 Bxb5 44. Kxb5 Nxg2 45. Kc5 Nf4 46. h4 1-0

[Event "Muensterland Regionalliga 1415"]
[Site "Germany"]
[Date "2014.09.20"]
[Round "1.7"]
[White "Liebing, Ingo"]
[Black "Baumann, Stephan"]
[Result "1/2-1/2"]
[WhiteElo "1760"]
[BlackElo "1947"]
[PlyCount "33"]
[EventDate "2014.09.20"]
[EventType "team-tourn"]
[EventRounds "9"]
[EventCountry "GER"]
[SourceTitle "EXT 2016"]
[Source "ChessBase"]
[SourceDate "2015.10.08"]
[SourceVersion "1"]
[SourceVersionDate "2015.10.08"]
[SourceQuality "1"]
[WhiteTeam "Duelmen"]
[BlackTeam "Muenster III"]
[WhiteTeamCountry "GER"]
[BlackTeamCountry "GER"]

1. c4 e5 2. g3 Nc6 3. Bg2 f5 4. Nc3 Nf6 5. d3 Bb4 6. Bg5 0-0 7. Nh3 d6 8. e3 Qe8 9. Bxf6 Rxf6 10. 0-0 Bxc3 11. bxc3 Rh6 12. f4 Bd7 13. Rb1 Rb8 14. Re1 Nd8 15. Ng5 c6 16. Qe2 Nf7 17. Nh3 1/2-1/2

[Event "Muensterland Verbandsklasse-A 1011"]
[Site "Germany"]
[Date "2011.02.19"]
[Round "7.4"]
[White "Rothkegel, Juergen"]
[Black "Liebing, Ingo"]
[Result "0-1"]
[WhiteElo "1875"]
[BlackElo "1714"]
[PlyCount "56"]
[EventDate "2010.09.18"]
[EventType "team-tourn"]
[EventRounds "9"]
[EventCountry "GER"]
[SourceTitle "EXT 2012"]
[Source "ChessBase"]
[SourceDate "2011.11.24"]
[SourceVersion "1"]
[SourceVersionDate "2011.11.24"]
[SourceQuality "1"]
[WhiteTeam "Gronau"]
[BlackTeam "Duelmen"]
[WhiteTeamCountry "GER"]
[BlackTeamCountry "GER"]

1. e4 d5 2. exd5 Qxd5 3. Nc3 Qd6 4. d4 Nf6 5. Bc4 a6 6. Nf3 b5 7. Bd3 Bb7 8. Qe2 Nbd7 9. Bg5 h6 10. Bh4 e6 11. 0-0-0 Be7 12. Bg3 Qb6 13. Rhe1 0-0 14. Ne4 Qa5 15. Kb1 Bd5 16. Nxf6+ Nxf6 17. c4 bxc4 18. Bxc4 Rab8 19. Rc1 Rb7 20. Bxd5 Nxd5 21. Qc4 Rfb8 22. Re2 Ba3 23. Rcc2 Bxb2 24. Rxb2 Nc3+ 25. Kc1 Nxe2+ 26. Rxe2 Qa3+ 27. Rb2 Rxb2 28. Nd2 Rb1+ 0-1

[Event "Muensterland Verbandsklasse-A 0910"]
[Site "Germany"]
[Date "2009.10.24"]
[Round "2.6"]
[White "Fehlings, Gerd"]
[Black "Liebing, Ingo"]
[Result "1/2-1/2"]
[WhiteElo "1722"]
[BlackElo "1706"]
[PlyCount "32"]
[EventDate "2009.09.19"]
[EventType "team-tourn"]
[EventRounds "9"]
[EventCountry "GER"]
[SourceTitle "EXT 2011"]
[Source "ChessBase"]
[SourceDate "2010.11.26"]
[SourceVersion "1"]
[SourceVersionDate "2010.11.26"]
[SourceQuality "1"]
[WhiteTeam "Emsdetten Rochade II"]
[BlackTeam "Duelmen"]
[WhiteTeamCountry "GER"]
[BlackTeamCountry "GER"]

1. e4 d5 2. exd5 Qxd5 3. Nc3 Qd6 4. d4 Nf6 5. Nf3 a6 6. g3 Bg4 7. Bg2 Nc6 8. Be3 0-0-0 9. h3 Bh5 10. g4 Bg6 11. a3 h6 12. Qe2 e6 13. 0-0-0 Nd5 14. Nxd5 exd5 15. Qd2 f6 16. Bf4 Qd7 1/2-1/2

[Event "Muensterland Verbandsklasse-B 0708"]
[Site "Germany"]
[Date "2008.04.12"]
[Round "8.5"]
[White "Liebing, Ingo"]
[Black "Schwarze, Hugo"]
[Result "1/2-1/2"]
[WhiteElo "1784"]
[BlackElo "1805"]
[PlyCount "90"]
[EventDate "2007.09.15"]
[EventType "team"]
[EventRounds "9"]
[EventCountry "GER"]
[SourceTitle "EXT 2009"]
[Source "ChessBase"]
[SourceDate "2008.11.26"]
[SourceVersion "1"]
[SourceVersionDate "2008.11.26"]
[SourceQuality "1"]
[WhiteTeam "Duelmen"]
[BlackTeam "Westerkappeln"]
[WhiteTeamCountry "GER"]
[BlackTeamCountry "GER"]

1. e4 c5 2. d4 e6 3. Nf3 cxd4 4. c3 d3 5. Bxd3 Ne7 6. c4 g6 7. Nc3 a6 8. Be3 Bg7 9. Qb3 0-0 10. Bb6 Qe8 11. Bc5 Nbc6 12. 0-0 d6 13. Bxd6 Qd7 14. Qa3 Rd8 15. Bxe7 Nxe7 16. Rfd1 Nc6 17. Be2 Qe8 18. Nb5 Bf8 19. Qa4 Rb8 20. Nc3 Bd7 21. Qc2 Nb4 22. Qc1 Bg7 23. a3 Nc6 24. Qe3 Ne5 25. b3 Ng4 26. Qc1 Bc6 27. Nd2 Nf6 28. Rb1 Rd7 29. e5 Nh5 30. Bxh5 gxh5 31. f4 Qe7 32. Nde4 Rbd8 33. Rxd7 Rxd7 34. Nd6 Rxd6 35. exd6 Qxd6 36. Ne2 Qc5+ 37. Kf1 Qf5 38. Ng3 Qd3+ 39. Kg1 h4 40. Qd1 Qe3+ 41. Kf1 hxg3 42. Qd8+ Bf8 43. Qg5+ Bg7 44. Qxg3 Qxg3 45. hxg3 Be4 1/2-1/2

[Event "Muensterland Verbandsklasse-B 0708"]
[Site "Germany"]
[Date "2008.03.08"]
[Round "7.6"]
[White "Liebing, Ingo"]
[Black "Blanke, Martin"]
[Result "0-1"]
[WhiteElo "1784"]
[BlackElo "1706"]
[PlyCount "113"]
[EventDate "2007.09.15"]
[EventType "team"]
[EventRounds "9"]
[EventCountry "GER"]
[SourceTitle "EXT 2009"]
[Source "ChessBase"]
[SourceDate "2008.11.26"]
[SourceVersion "1"]
[SourceVersionDate "2008.11.26"]
[SourceQuality "1"]
[WhiteTeam "Duelmen"]
[BlackTeam "Metelen"]
[WhiteTeamCountry "GER"]
[BlackTeamCountry "GER"]

1. e4 c6 2. d4 d5 3. e5 e6 4. Bd3 c5 5. c3 Nc6 6. Nf3 cxd4 7. cxd4 Qb6 8. 0-0 Bd7 9. Be2 Nge7 10. Nc3 Ng6 11. Qb3 Qxb3 12. axb3 Be7 13. Be3 0-0 14. Nd2 a6 15. f4 Nb4 16. Rac1 Rac8 17. g3 b5 18. Nf3 Bd8 19. Ne1 Bb6 20. Nd3 Nxd3 21. Bxd3 Ne7 22. Ne2 Nc6 23. g4 Nb4 24. Bb1 Nc6 25. h4 Rc7 26. Kg2 Rfc8 27. Kf2 Na5 28. Rxc7 Rxc7 29. f5 Nxb3 30. f6 gxf6 31. exf6 Na5 32. g5 Nc4 33. h5 Nxe3 34. Kxe3 e5 35. g6 hxg6 36. Bxg6 exd4+ 37. Nxd4 Bxd4+ 38. Kxd4 Be6 39. Rg1 Rc4+ 40. Kd3 fxg6 41. hxg6 Rg4 42. Rxg4 Bxg4 43. b4 Bf5+ 44. Kd4 Bxg6 45. Kxd5 Kf7 46. Kc5 Kxf6 47. Kd4 Ke6 48. Kc3 Kd5 49. Kb2 Kc4 50. Ka3 Bf5 51. Kb2 Kxb4 52. Ka1 Kc3 53. Ka2 b4 54. Ka1 a5 55. Ka2 b3+ 56. Ka1 b2+ 57. Ka2 0-1